000 00652nam a22002057a 4500
005 20251108171001.0
008 250721s1997 xx 000 0 ara d
020 _a9960203549
082 1 4 _aط/ 599.73/جمل
100 1 _aفتحي، تراجي
_eTran.
245 1 0 _aالجمل : سفينة الصحراء :
_bسفينة الصحراء /
264 1 _aالرياض :
_bمكتبة العبيكان،
_c1997.
300 _a29ص.: مص
490 0 _aأسرار عالم الحيوان
_v14
650 1 7 _aالإبل
650 1 7 _aالإبل
653 _aأطفال مرحلة متوسطة (6-9 سنوات)
942 _2ddc
_cBK
999 _c53663
_d53663